Effects of storage methods of rice grain on grain quality; ឥទ្ធិពលនៃវិធីទុកគ្រាប់ស្រូវទៅលើគុណភាព. (Record no. 4199)

000 -LEADER
fixed length control field 00578nam a22001577a 4500
003 - CONTROL NUMBER IDENTIFIER
control field OSt
005 - DATE AND TIME OF LATEST TRANSACTION
control field 20151208093824.0
008 - FIXED-LENGTH DATA ELEMENTS--GENERAL INFORMATION
fixed length control field 151208b xxu||||| |||| 00| 0 eng d
040 ## - CATALOGING SOURCE
Transcribing agency RUA
082 ## - DEWEY DECIMAL CLASSIFICATION NUMBER
Classification number ATM CHE 2000 B191 Or.1
100 ## - MAIN ENTRY--PERSONAL NAME
9 (RLIN) 4503
Personal name CHEA SOVANDINA; ជាសុវណ្ណឌីណា
245 ## - TITLE STATEMENT
Title Effects of storage methods of rice grain on grain quality; ឥទ្ធិពលនៃវិធីទុកគ្រាប់ស្រូវទៅលើគុណភាព.
260 ## - PUBLICATION, DISTRIBUTION, ETC. (IMPRINT)
Place of publication, distribution, etc. Phnom Penh
Name of publisher, distributor, etc. RUA
Date of publication, distribution, etc. 2000
300 ## - PHYSICAL DESCRIPTION
Extent xii; 54p.
Other physical details ill.
Dimensions 29cm.
942 ## - ADDED ENTRY ELEMENTS (KOHA)
Source of classification or shelving scheme
Koha item type ATM
Holdings
Price effective from Date last seen Permanent Location Not for loan Date acquired Source of classification or shelving scheme Koha item type Lost status Withdrawn status Date last checked out Total Checkouts Shelving location Damaged status Barcode Current Location Full call number
2015-12-082015-12-08Library Block B 2015-12-08 ATM    B191 RUA018026Library Block BATM CHE 2000 B191 Or.1
2015-12-082018-11-02Library Block B 2015-12-08 ATM  2018-10-301B191 RUA018008Library Block BATM CHE 2000 B191 Or.2
2015-12-082019-12-07Library Block B 2015-12-08 ATM  2019-11-223B191 RUA018146Library Block BATM CHE 2000 B191 Or.3
2015-12-082019-07-29Library Block B 2015-12-08 ATM  2019-07-126B191 RUA018219Library Block BATM CHE 2000 B191 Or.4
មជ្ឈមណ្ឌលឯការនៃសាកលវិទ្យាល័យភូមិន្ទកសិកម្មចំការដូង

Powered by Koha